El envejecimiento en México: aspectos territoriales y repercusiones sociales /
Las autoras corroboran la hipótesis que en un futuro cercano el país estará conformado por una importante proporción de la población envejecida
Збережено в:
| Автор: | |
|---|---|
| Інші автори: | |
| Формат: | Текст |
| Предмети: | |
| Теги: |
Додати тег
Немає тегів, Будьте першим, хто поставить тег для цього запису!
|
MARC
| LEADER | 00000 a a2200000 04500 | ||
|---|---|---|---|
| 001 | 18729 | ||
| 003 | |||
| 040 | |||
| 100 | |a Ortiz Alvarez, María Inés | ||
| 245 | |a El envejecimiento en México: |b aspectos territoriales y repercusiones sociales / |c María Inés Ortiz Alvarez | ||
| 520 | |a Las autoras corroboran la hipótesis que en un futuro cercano el país estará conformado por una importante proporción de la población envejecida | ||
| 650 | |a ESTRUCTURA SOCIAL | ||
| 650 | |a ENVEJECIMIENTO | ||
| 650 | |a GEOGRAFIA HUMANA | ||
| 650 | |a PROBLEMAS SOCIALES | ||
| 650 | |a ASPECTOS ECONOMICOS | ||
| 650 | |a MEXICO | ||
| 650 | |a ESTADISTICAS DEMOGRAFICAS | ||
| 700 | |a Gerónimo Mendoza, Leticia | ||
| 773 | |g volumen 10, número 26; páginas 79-92 | ||
| 999 | |c 29208 |d 29208 | ||
